[Event "35th Nezhmetdinov Cup"]
[Site "Kazan RUS"]
[Date "2013.06.01"]
[Round "2.11"]
[White "Goganov,A"]
[Black "Ovod,E"]
[Result "1/2-1/2"]
[WhiteElo "2552"]
[BlackElo "2387"]

1.c4 c6 2.d4 d5 3.Nc3 Nf6 4.e3 e6 5.Nf3 Nbd7 6.Qc2 Bd6 7.Bd3 O-O 8.O-O dxc4
9.Bxc4 e5 10.Bb3 Qe7 11.h3 h6 12.Nh4 Re8 13.Nf5 Qf8 14.Bd2 Nb6 15.Rad1 e4
16.Nxd6 Qxd6 17.f3 Bxh3 18.Nxe4 Nxe4 19.fxe4 Be6 20.e5 Bxb3 21.axb3 Qe6 22.Rf3 Rad8
23.Rdf1 Rd7 24.Be1 Nd5 25.Bh4 Rf8 26.Qf2 Ne7 27.Bxe7 Rxe7 28.Qh4 f6 29.exf6 Rxf6
30.Rxf6 gxf6 31.Rf3 f5 32.Qf4 a6 33.Kh1 Rf7 34.Rg3+ Kh7 35.Qb8 Re7 36.b4 Qf7
37.Rf3 Qg6 38.Qc8 Rf7 39.Kg1 Qg5 40.Kf2 f4 41.exf4 Qd5 42.Kg3 Qxd4 43.Qe6 Qg7+
44.Kh2 Re7 45.Qb3 Qg6 46.f5 Qd6+ 47.Rg3 Rg7 48.Qc3 Rg5 49.Qd3 Qxd3 50.Rxd3 Rxf5
51.Rd7+ Kg6 52.Rxb7 Rf2 53.Rb6 Rxb2 54.Rxc6+  1/2-1/2

[Event "2nd Server24 Open"]
[Site "Ortisei ITA"]
[Date "2013.06.02"]
[Round "2.16"]
[White "Herzog,A"]
[Black "Friedrich,N"]
[Result "1-0"]
[WhiteElo "2401"]
[BlackElo "2312"]

1.d4 Nf6 2.Nf3 d5 3.c4 c6 4.Nc3 e6 5.e3 Nbd7 6.Qc2 Be7 7.Bd3 O-O 8.O-O b6
9.e4 dxe4 10.Nxe4 Bb7 11.Rd1 Nxe4 12.Bxe4 Nf6 13.Bd3 Qc7 14.Bg5 c5 15.Bxf6 Bxf6
16.Bxh7+ Kh8 17.Be4 Bxe4 18.Qxe4 cxd4 19.Rac1 e5 20.Rd3 Kg8 21.h4 Rfe8 22.b3 Rac8
23.Re1 Re6 24.Ng5 Bxg5 25.hxg5 Qe7 26.Rh3 Qb4 27.Re2 Rd8 28.Qh4 Kf8 29.g6 f6
30.Qh8+ Ke7 31.Qxg7+ Kd6 32.Rf3 Rde8 33.Rxf6 d3 34.Rxe6+ Rxe6 35.Qf8+ Re7
36.Qd8+ Rd7 37.Qf6+ Kc7 38.Qxe5+ Kb7 39.Re1 Qf8 40.Rd1 Qd8 41.g7 d2 42.Qf4 Qe8
43.Qe3  1-0

[Event "Grand Europe Open Albena"]
[Site "Albena BUL"]
[Date "2013.06.03"]
[Round "3.33"]
[White "Chighladze,I"]
[Black "Mlynek,P"]
[Result "1-0"]
[WhiteElo "2396"]
[BlackElo "2196"]

1.d4 d5 2.c4 c6 3.Nf3 e6 4.e3 Nf6 5.Nc3 Nbd7 6.Bd3 dxc4 7.Bxc4 b5 8.Bd3 a6
9.e4 c5 10.e5 cxd4 11.Nxb5 axb5 12.exf6 gxf6 13.O-O Qb6 14.a4 b4 15.Be4 Bb7
16.Bxb7 Qxb7 17.Nxd4 Rg8 18.f3 Bc5 19.Kh1 Ne5 20.Nb3 Ba7 21.Qe2 Rd8 22.Na5 Qd5
23.Qb5+ Rd7 24.Bf4 Nd3 25.Bg3 Rg5 26.Nc6 Qxb5 27.axb5 Bb6 28.Ra8+ Bd8 29.b6  1-0

[Event "Mitropa Cup 2013"]
[Site "Meissen GER"]
[Date "2013.06.03"]
[Round "3.1"]
[White "Kuljasevic,D"]
[Black "Fridman,D"]
[Result "1/2-1/2"]
[WhiteElo "2578"]
[BlackElo "2648"]

1.d4 d5 2.c4 c6 3.Nf3 e6 4.e3 Nf6 5.Nc3 a6 6.Qc2 c5 7.cxd5 exd5 8.Be2 Be6
9.O-O Nc6 10.Rd1 cxd4 11.Nxd4 Nxd4 12.Rxd4 Bc5 13.Rd1 Rc8 14.Qa4+ Kf8 15.Bf3 Rc7
16.e4 d4 17.Bf4 Rd7 18.e5 dxc3 19.exf6 Rxd1+ 20.Rxd1 Qxf6 21.bxc3 g5 22.Bg3 Qe7
23.Be5 f6 24.Bd4 Bxd4 25.Qxd4 Bxa2 26.h4 gxh4 27.Qxh4 h5 28.Qf4 Bf7 29.Rd6 Kg7
30.Qg3+ Kh6 31.Qf4+ Kg7 32.Qg3+ Kh6 33.Rb6 Qe1+ 34.Kh2 Qxc3 35.Rxb7 Qc4 36.Rc7 Rg8
37.Rxc4 Rxg3 38.Rc6 Rg6 39.Rxa6 Kg7 40.Ra7 Rg5 41.Kh3 Kf8  1/2-1/2

[Event "FSFMB June 2013"]
[Site "Budapest HUN"]
[Date "2013.06.05"]
[Round "5.1"]
[White "Brassoi-Tarnovszki,Aurel"]
[Black "Csiba,Tibor Dr."]
[Result "1/2-1/2"]
[WhiteElo "1642"]
[BlackElo "1587"]

1.d4 d5 2.Nf3 Nf6 3.e3 e6 4.c4 c6 5.Nc3 Bb4 6.a3 Bxc3+ 7.bxc3 O-O 8.cxd5 exd5
9.Bd3 h6 10.O-O Be6 11.Ne5 Nbd7 12.Nxd7 Qxd7 13.f3 Nh7 14.Qc2 Nf6 15.c4 dxc4
16.Bxc4 Bxc4 17.Qxc4  1/2-1/2

[Event "5th Capo d'Orso Open 2013"]
[Site "Porto Mannu ITA"]
[Date "2013.06.05"]
[Round "6.6"]
[White "Cardili,M"]
[Black "Tommasini,E"]
[Result "0-1"]
[WhiteElo "2131"]
[BlackElo "2161"]

1.d4 d5 2.c4 c6 3.Nf3 Nf6 4.Nc3 e6 5.e3 Nbd7 6.Qc2 h6 7.b3 a6 8.Bb2 Bb4 9.Bd3 dxc4
10.bxc4 c5 11.O-O O-O 12.Rfd1 cxd4 13.exd4 Qa5 14.Ne4 Nxe4 15.Bxe4 Nf6 16.Bd3 Bd7
17.Qe2 Ba3 18.Bxa3 Qxa3 19.Ne5 Ba4 20.Rd2 Rfd8 21.c5 Qc3 22.Rb1 Rxd4 23.Qe3 Kf8
24.Nxf7 Ne4 25.Nxh6 Bc6 26.Rdd1 Rad8 27.Ng4 Rxd3  0-1

[Event "Grand Europe Open Albena"]
[Site "Albena BUL"]
[Date "2013.06.06"]
[Round "6.51"]
[White "Vassiliev,G"]
[Black "Petrov,Pl"]
[Result "0-1"]
[WhiteElo "2202"]
[BlackElo "1940"]

1.d4 d5 2.c4 c6 3.Nf3 Nf6 4.e3 e6 5.Nc3 Nbd7 6.Bd3 dxc4 7.Bxc4 b5 8.Bd3 Bb7
9.e4 a6 10.O-O c5 11.d5 c4 12.dxe6 fxe6 13.Bc2 Qc7 14.Nd4 Nc5 15.Bg5 O-O-O
16.e5 Qxe5 17.Nf3 Bxf3 18.Qxf3 Qxg5 19.Qc6+ Kb8 20.f4 Qh5 21.Ne4 Qd5 22.Qb6+ Nb7
23.Kh1 Nxe4 24.Rad1 Ng3+  0-1

[Event "French Top 12 2013"]
[Site "Haguenau FRA"]
[Date "2013.06.06"]
[Round "8.3"]
[White "Buhmann,R"]
[Black "Miton,K"]
[Result "1/2-1/2"]
[WhiteElo "2578"]
[BlackElo "2624"]

1.Nf3 Nf6 2.c4 e6 3.Nc3 d5 4.d4 c6 5.e3 Nbd7 6.Qc2 Bd6 7.b3 O-O 8.Be2 b6
9.Bb2 Bb7 10.O-O Qe7 11.Rfd1 Rfd8 12.Rac1 Rac8 13.g3 c5 14.cxd5 exd5 15.Bf1 Nf8
16.Bg2 Ne6 17.dxc5 Bxc5 18.Qe2 d4 19.Nxd4 Bxd4 20.exd4 Bxg2 21.d5 Bh3  1/2-1/2

[Event "35th Nezhmetdinov Cup"]
[Site "Kazan RUS"]
[Date "2013.06.06"]
[Round "7.13"]
[White "Murtazin,Bulat"]
[Black "Gabuzyan,H"]
[Result "1/2-1/2"]
[WhiteElo "2151"]
[BlackElo "2532"]

1.d4 d5 2.c4 c6 3.Nc3 Nf6 4.e3 e6 5.Nf3 Nbd7 6.Qc2 Bd6 7.Bd3 O-O 8.O-O dxc4
9.Bxc4 a6 10.a3 e5 11.Bd2 Qe7 12.Bb3 h6 13.Nh4 Rd8 14.Nf5 Qf8 15.Nxd6 Qxd6
16.Rad1 exd4 17.exd4 Nf8 18.Ne4 Nxe4 19.Qxe4 Be6 20.Bb4 Qd7 21.Bc2 Qd5 22.Qd3 Qc4
23.Qd2 Rd7 24.b3 Qd5 25.Qd3 Qb5 26.Qe4 Qd5 27.Qd3 Ng6 28.f4 f5 29.g4 Rf7
30.Rde1 Bd7 31.Qc4 Rc8 32.Bd3 Nh4 33.Qxd5 cxd5 34.g5 hxg5 35.fxg5 Bb5 36.Bxb5 axb5
37.Re5 f4 38.Be1 Ng6 39.Rxd5 Rc2 40.Rd6 Ne7 41.g6 Rf8 42.Bb4 Nf5 43.Rd7 Rfc8
44.Rxf4 Ne3 45.Bc5 Rg2+ 46.Kh1 Rxg6 47.Rxb7 b4 48.Rbf7 bxa3 49.Rf8+ Rxf8
50.Rxf8+ Kh7 51.Bxa3 Rb6 52.Rf3 Rxb3 53.Bc1 Rb1 54.Rxe3 Rxc1+ 55.Kg2 Rd1
56.Re4 Kg6 57.Kf3 Kf6 58.Ke2 Rh1  1/2-1/2

[Event "FIDE World Rapid 2013"]
[Site "Khanty-Mansiysk RUS"]
[Date "2013.06.06"]
[Round "2.14"]
[White "Vasquez Schroeder,R"]
[Black "Inarkiev,E"]
[Result "1-0"]
[WhiteElo "2542"]
[BlackElo "2680"]

1.d4 d5 2.c4 c6 3.Nc3 Nf6 4.e3 e6 5.Nf3 Nbd7 6.Bd3 dxc4 7.Bxc4 b5 8.Bd3 Bd6
9.O-O O-O 10.Qc2 Bb7 11.b3 b4 12.Na4 c5 13.dxc5 Rc8 14.Qe2 Nxc5 15.Nxc5 Rxc5
16.e4 Qa8 17.Re1 Rd8 18.Bb2 Be7 19.Ne5 Qb8 20.Nc4 Qf4 21.Rad1 h5 22.g3 Qc7
23.Bc1 h4 24.Bf4 Qc6 25.Qf3 hxg3 26.hxg3 Rh5 27.Ne5 Qc5 28.Ng4 Rh8 29.Nxf6+ Bxf6
30.Bc4 Rxd1 31.Rxd1 Bd4 32.Kg2 g6 33.Be3 Bxe3 34.Rd7 Rh7 35.Rxb7 Bd4 36.Rd7 Be5
37.Qg4 Kh8 38.Qg5 f6 39.Qd2 Rxd7 40.Qxd7 Qd6 41.Qe8+ Kg7 42.Bxe6 Qf8 43.Qd7+ Kh6
44.Qxa7 Bd6 45.Qe3+ Kg7 46.Qd3 Bc5 47.Bc4 Qd6 48.Bd5 Qe5 49.Qd2 Qd4 50.Qe2 f5
51.Bc6 Qd6 52.Bd5 f4 53.Qb2+ Kh7 54.Qc1 fxg3 55.fxg3 Bd4 56.Qc8 Qf6 57.Qc7+ Kh6
58.Qc1+ Kg7 59.Qd2 Bc3 60.Qf4 Be5 61.Qd2 Bc3 62.Qe2 Bd4 63.Bc4 Be5 64.Qd2 Bd4
65.Qxb4 Qf2+ 66.Kh3 Qf3 67.Qe7+ Kh6 68.Qh4+ Kg7 69.Qe7+ Kh6 70.Qh4+ Kg7 71.Kh2 Qf2+
72.Kh3 Qf3 73.Qe7+ Kh6 74.Qf7 Qh1+ 75.Kg4 Qh5+ 76.Kf4 Qg5+ 77.Kf3 Qe3+ 78.Kg4 Qg5+
79.Kh3 Be5 80.Qf8+ Kh7 81.Bg8+ Kh8 82.Bf7+ Kh7 83.Qg8+ Kh6 84.Qxg6+ Qxg6
85.Bxg6 Kxg6 86.Kg4 Kf6 87.b4 Bc3 88.b5 Ba5 89.Kh5 Bc7 90.g4 Bb6 91.g5+ Kg7
92.e5 Bd4 93.e6 Kf8 94.Kg6 Be3 95.Kf6 Bd4+ 96.Kf5 Ke7 97.a4 Bb6 98.g6 Kf8
99.Ke5 Bc5 100.Kd5 Bb4 101.b6 Ba5 102.Kc6  1-0

[Event "FIDE World Rapid 2013"]
[Site "Khanty-Mansiysk RUS"]
[Date "2013.06.06"]
[Round "2.22"]
[White "Skatchkov,P"]
[Black "Grachev,B"]
[Result "0-1"]
[WhiteElo "2486"]
[BlackElo "2683"]

1.d4 d5 2.c4 c6 3.Nc3 Nf6 4.Nf3 e6 5.e3 Nbd7 6.Bd3 dxc4 7.Bxc4 b5 8.Bd3 Bd6
9.O-O O-O 10.Re1 a6 11.e4 e5 12.Bg5 Re8 13.dxe5 Nxe5 14.Nxe5 Bxe5 15.h3 c5
16.Nd5 Bb7 17.Qc2 c4 18.Be2 Bxd5 19.exd5 h6 20.Bxf6 Qxf6 21.Rab1 Rad8 22.Bf3 Qf4
23.Kf1 Qh2 24.Qe4 g6 25.g3 Qxh3+ 26.Kg1 Qd7 27.Qc2 Qd6 28.Kg2 Re7 29.a4 h5
30.axb5 axb5 31.Rh1 Bf6 32.Rbd1 Rde8 33.Ra1 Kg7 34.Qd2 Rb8  0-1

[Event "FIDE World Rapid 2013"]
[Site "Khanty-Mansiysk RUS"]
[Date "2013.06.06"]
[Round "4.14"]
[White "Jakovenko,D"]
[Black "Vasquez Schroeder,R"]
[Result "1-0"]
[WhiteElo "2713"]
[BlackElo "2542"]

1.Nf3 Nf6 2.c4 c6 3.Nc3 d5 4.e3 e6 5.d4 Nbd7 6.Qc2 Bd6 7.Be2 O-O 8.O-O dxc4
9.Bxc4 a6 10.Rd1 b5 11.Bd3 Qc7 12.Bd2 c5 13.Ne4 c4 14.Nxd6 Qxd6 15.Be2 Bb7
16.b3 Rfc8 17.Qb2 Rab8 18.Ne1 Ne4 19.Ba5 cxb3 20.axb3 b4 21.Rdc1 Bd5 22.Rxc8+ Rxc8
23.Nd3 Rb8 24.Bf1 h6 25.Ra4 Ndf6 26.f3 Ng5 27.e4 Bc6 28.Rxb4 Rxb4 29.Nxb4 Bxe4
30.fxe4 Ngxe4 31.Nd3 Ng4 32.g3 f5 33.Be1 Ne3 34.Be2 Ng5 35.Nf4 e5 36.dxe5 Qc6
37.Kf2 Ng4+ 38.Bxg4 fxg4 39.Qe2 Qh1 40.Qxg4 Qxh2+ 41.Ke3 Qg1+ 42.Ke2 Qd4
43.Qc8+ Kh7 44.Qc2+ Kh8 45.Ng6+ Kh7 46.Ne7+ Ne4 47.Kf3 g6 48.Qxe4 Qd1+ 49.Kg2  1-0

[Event "Mitropa Cup 2013"]
[Site "Meissen GER"]
[Date "2013.06.06"]
[Round "6.4"]
[White "Bluebaum,M"]
[Black "Godena,M"]
[Result "1/2-1/2"]
[WhiteElo "2521"]
[BlackElo "2518"]

1.d4 d5 2.c4 c6 3.Nc3 Nf6 4.e3 e6 5.Nf3 Nbd7 6.Bd3 b6 7.e4 dxe4 8.Nxe4 Bb7
9.O-O Be7 10.b3 c5 11.Qe2 cxd4 12.Nxd4 Nc5 13.Nxc5 Bxc5 14.Nf3 Qc7 15.Bb2 Rd8
16.Rad1 O-O 17.Be5 Bd6 18.Bxf6 gxf6 19.Be4 Bc8 20.Bxh7+ Kxh7 21.Qe4+ f5 22.Qh4+ Kg7
23.Qg5+ Kh7 24.Qh5+ Kg7 25.Qg5+ Kh7 26.Qh5+ Kg7 27.Qg5+  1/2-1/2

[Event "Grand Europe Open Albena"]
[Site "Albena BUL"]
[Date "2013.06.07"]
[Round "7.15"]
[White "Swapnil,SD"]
[Black "Arngrimsson,D"]
[Result "1/2-1/2"]
[WhiteElo "2469"]
[BlackElo "2396"]

1.d4 d5 2.c4 c6 3.e3 Nf6 4.Nc3 e6 5.Nf3 Nbd7 6.Qc2 Be7 7.b3 O-O 8.Bd3 b6
9.O-O Bb7 10.Bb2 Rc8 11.Rfd1 h6 12.Qe2 Qc7 13.Rac1 Qb8 14.e4 dxe4 15.Nxe4 Nxe4
16.Bxe4 Rfe8 17.Bb1 Nf6 18.Ne5 Rcd8 19.c5 bxc5 20.dxc5 Rxd1+ 21.Qxd1 Rd8
22.Qc2 Kf8 23.b4 Rd5 24.f4 Qd8 25.Bc3 Qc8 26.a3 Rd8 27.Be1 a5 28.Nc4 axb4
29.axb4 Ba6 30.Nb6 Qb7 31.Bc3 Ne8 32.h3 Bf6 33.Be5 Bxe5 34.fxe5 Qe7 35.Qc3 Qh4  1/2-1/2

[Event "35th Nezhmetdinov Cup"]
[Site "Kazan RUS"]
[Date "2013.06.07"]
[Round "8.45"]
[White "Ovchinnikov,Vsevolod"]
[Black "Tukaeva,Adelya"]
[Result "1-0"]
[WhiteElo "2006"]
[BlackElo "1655"]

1.d4 d5 2.c4 c6 3.Nf3 Nf6 4.Nc3 e6 5.e3 Nbd7 6.Qc2 Bd6 7.b3 O-O 8.Be2 Re8
9.O-O a6 10.Bb2 dxc4 11.bxc4 e5 12.Rfd1 Qe7 13.a4 a5 14.Rab1 e4 15.Nd2 Nf8
16.c5 Bc7 17.Ba3 Rb8 18.Nc4 Ng4 19.Nd6 Bxd6 20.cxd6 Qh4 21.Bxg4 Bxg4 22.Rdc1 Bf5
23.Ne2 Nd7 24.Ng3 Bg6 25.Qd2 Qd8 26.Rb2 Nf6 27.Rb3 Nd5 28.Rcb1 b6 29.Rc1 Qd7
30.Rb2 f5 31.Ne2 Rb7 32.Rbc2 Rc8 33.Nc3 Nxc3 34.Rxc3 Bf7 35.Qb2 Bd5 36.Qd2 Bf7
37.Qe2 Bd5 38.Rb1 Rcb8 39.h3 g6 40.Rc2 Kg7 41.Qd2 Kf7 42.Qc3 Kg7 43.Rcb2 Kf7
44.Qd2 Ke6 45.Qc3 Kf7 46.Kh2 Ke6 47.Kg1 Kf7 48.Rf1 Qd8 49.Rfb1 Qd7 50.Qd2 Ke6
51.Qe1 Kf7 52.Rc1 Ke6 53.Qe2 Kf7 54.Rcb1 Ke6 55.Qa6 Ra7 56.Qe2 Rab7 57.f3 Kf7
58.f4 Be6 59.Qe1 Kg7 60.Kh2 Bd5 61.Qc3 Kf7 62.Rg1 h5 63.Rgb1 Be6 64.d5 Bxd5
65.Qd4 Qd8 66.Bc5 Kg8 67.Bxb6 Qxd6 68.Bc5 Qd7 69.Rxb7 Rxb7 70.Rxb7 Qxb7 71.Qf6 Qf7
72.Qd8+ Kh7 73.Bd4 Qg8 74.Qxa5 Qb8 75.Be5 Qb7 76.Qd8 Bg8 77.Qf6  1-0

[Event "35th Nezhmetdinov Cup"]
[Site "Kazan RUS"]
[Date "2013.06.07"]
[Round "8.11"]
[White "Ibragimov,I"]
[Black "Shinkevich,V"]
[Result "1-0"]
[WhiteElo "2571"]
[BlackElo "2478"]

1.d4 d5 2.c4 c6 3.Nc3 Nf6 4.Nf3 e6 5.e3 Nbd7 6.Qc2 Bd6 7.Bd3 O-O 8.O-O dxc4
9.Bxc4 b5 10.Be2 Bb7 11.e4 e5 12.dxe5 Nxe5 13.Nh4 Re8 14.Nf5 Bf8 15.Bg5 Qb6
16.Bxf6 gxf6 17.Nd1 Rad8 18.Nde3 Qc5 19.Rac1 Qxc2 20.Rxc2 Kh8 21.Ng3 Nd3
22.Rd1 Nf4 23.Rcd2 Rxd2 24.Rxd2 Bc8 25.Bg4 Be6 26.Bxe6 fxe6 27.Rd7 Re7 28.Rd8 Kg8
29.Ng4 Kf7 30.Nxf6 Bg7 31.Nxh7 Bxb2 32.Ng5+ Kg7 33.Kf1 c5 34.Ne2 Ng6 35.f4 c4
36.e5 b4 37.Rc8 c3 38.Rc6 Nf8 39.Nd4 a5 40.Ke2 a4 41.f5 Kg8 42.f6 Rd7 43.Ndxe6 Nxe6
44.Rxe6 Rf7 45.Re8+ Rf8 46.f7+ Kg7 47.Rxf8 Kxf8 48.e6  1-0

[Event "Mitropa Cup 2013"]
[Site "Meissen GER"]
[Date "2013.06.07"]
[Round "7.1"]
[White "Kuljasevic,D"]
[Black "Michalik,P"]
[Result "1/2-1/2"]
[WhiteElo "2574"]
[BlackElo "2565"]

1.d4 d5 2.c4 c6 3.Nf3 Nf6 4.Nc3 e6 5.e3 Nbd7 6.Qc2 Bd6 7.Bd3 O-O 8.O-O h6
9.Rd1 Qe7 10.h3 b6 11.cxd5 cxd5 12.Nb5 Ba6 13.Bd2 Bxb5 14.Bxb5 a6 15.Bd3 Rfc8
16.Qb3 b5 17.a4 b4 18.a5 e5 19.Nxe5 Nxe5 20.dxe5 Qxe5 21.g3 Ne4 22.Bxe4 dxe4
23.Bxb4 Bxb4 24.Qxb4 Rc2 25.Rd4 Rb8 26.Rxe4 Rxb4 27.Rxe5 Rbxb2 28.Rf5 g6
29.Rf4 Rc5 30.Rf6 Rcc2 31.Rd1 Kg7 32.Rf4 Rd2 33.Rxd2 Rxd2 34.Rd4 Ra2 35.Rd5 h5
36.Kg2 Ra4 37.Kf3 Kf8 38.Re5 Kg7 39.Rc5 Kf8 40.Re5 Kg7 41.e4 Ra3+ 42.Kf4 f6
43.Rc5 g5+ 44.Kf5 Rf3+ 45.Ke6 Rxf2 46.Rf5 Rg2 47.e5 fxe5 48.Rxg5+ Kh6 49.h4 e4
50.Kf5 e3 51.Rg6+ Kh7 52.Rxa6 Rxg3 53.Re6 Rg4 54.Rxe3 Ra4 55.Re5 Rxh4 56.Kg5 Ra4
57.Kxh5 Kg7 58.Kg5 Kf7 59.Kf5 Ra1  1/2-1/2

[Event "Zonal 3.4 Women 2013"]
[Site "Osh KGZ"]
[Date "2013.06.07"]
[Round "1"]
[White "Gevorgyan,I"]
[Black "Shyngys Kyzy,A"]
[Result "1-0"]
[WhiteElo "2153"]
[BlackElo "1777"]

1.Nf3 Nf6 2.c4 c6 3.d4 d5 4.e3 e6 5.Nc3 Nbd7 6.Qc2 Bd6 7.Be2 dxc4 8.Bxc4 b5
9.Bd3 a6 10.O-O c5 11.Ne4 Nxe4 12.Bxe4 Rb8 13.b3 Qc7 14.Ba3 f5 15.Bd3 b4
16.Bb2 Bb7 17.e4 cxd4 18.Qxc7 Bxc7 19.Nxd4 fxe4 20.Bc4 Ke7 21.Nxe6 Be5 22.Bxe5 Nxe5
23.Nxg7 Kf6 24.Nh5+ Kg5 25.Ng3 Rbc8 26.Be6 Rc2 27.Bf5 Kf4 28.f3 Nd3 29.Bxe4 Bxe4
30.fxe4+ Ke5 31.Rf5+ Kd4 32.Rd1  1-0

[Event "FIDE World Rapid 2013"]
[Site "Khanty-Mansiysk RUS"]
[Date "2013.06.08"]
[Round "11.15"]
[White "Najer,E"]
[Black "Frolyanov,D"]
[Result "1-0"]
[WhiteElo "2633"]
[BlackElo "2570"]

1.d4 d5 2.c4 e6 3.Nc3 c6 4.e3 Nf6 5.Nf3 Nbd7 6.Qc2 Bd6 7.g4 dxc4 8.Bxc4 e5
9.g5 Nd5 10.Ne4 Bc7 11.Bd2 O-O 12.O-O-O exd4 13.Nxd4 Ne5 14.Be2 Qe7 15.Rhg1 Re8
16.Kb1 Ng4 17.Bd3 Ne5 18.Nf6+ Nxf6 19.gxf6 Qxf6 20.Bxh7+ Kh8 21.Bc3 Bg4 22.Rc1 Bh5
23.f4 g6 24.fxe5 Bxe5 25.Rcf1 Qg7 26.Nf5 Qxh7 27.Nd6 g5 28.Rxg5 Bxc3 29.Qxh7+ Kxh7
30.Rxh5+ Kg6 31.Rh3 Be5 32.Rg1+ Kf6 33.Rf3+ Ke6 34.Nxe8 Rxe8 35.h4 Rh8 36.Rg4 Rh5
37.Kc2 f6 38.Rh3 b5 39.Rg7 a5 40.Rh1 a4 41.b3 axb3+ 42.axb3 Kd5 43.Kd3 Kc5
44.Rg4 Kd5 45.Ke2 c5 46.Rd1+ Kc6 47.Kf3 c4 48.bxc4 b4 49.Re4 b3 50.Rb1 b2
51.Kg4 f5+ 52.Kxh5 fxe4 53.Kg6 Kc5 54.Kf5 Bh8 55.Kxe4 Kxc4 56.Kf5 Kd3 57.e4 Kc2
58.Rxb2+ Bxb2 59.e5 Kd3 60.h5 Kd4 61.e6  1-0

[Event "FIDE World Blitz 2013"]
[Site "Khanty-Mansiysk RUS"]
[Date "2013.06.09"]
[Round "1.9"]
[White "Gordievsky,D"]
[Black "Inarkiev,E"]
[Result "0-1"]
[WhiteElo "2474"]
[BlackElo "2680"]

1.d4 d5 2.c4 c6 3.Nc3 Nf6 4.e3 e6 5.Nf3 Nbd7 6.Bd3 dxc4 7.Bxc4 b5 8.Bd3 Bd6
9.O-O O-O 10.b3 a6 11.Bb2 c5 12.h3 Bb7 13.Ne2 Qe7 14.Ne5 Rfd8 15.Qc2 Rac8
16.Nxd7 Rxd7 17.dxc5 Rxc5 18.Qb1 Rg5 19.f3 Bc5 20.Bxf6 Qxf6 21.Bxh7+ Kh8
22.Be4 Bxe3+ 23.Kh1 Rd2 24.Bxb7 Rxe2 25.f4 Rg3 26.Qd3 Rd2 27.Qe4 Qh4 28.Rf3 Rdxg2
29.Rxg3 Rxg3  0-1

[Event "FIDE World Blitz 2013"]
[Site "Khanty-Mansiysk RUS"]
[Date "2013.06.09"]
[Round "2.15"]
[White "Jakovenko,D"]
[Black "Vasquez Schroeder,R"]
[Result "0-1"]
[WhiteElo "2713"]
[BlackElo "2542"]

1.Nf3 Nf6 2.c4 c6 3.d4 d5 4.Nc3 e6 5.e3 a6 6.b3 Bb4 7.Bd2 Nbd7 8.Bd3 O-O
9.O-O Bd6 10.Re1 e5 11.cxd5 cxd5 12.e4 exd4 13.Nxd5 Nxd5 14.exd5 Nf6 15.h3 h6
16.Nxd4 Bc5 17.Bc3 Nxd5 18.Bb2 Bb4 19.Rf1 Bc3 20.Bxc3 Nxc3 21.Qd2 Qxd4 22.Rac1 Ne4
23.Qc2 Nf6 24.Rfd1 Qb6 25.Qc7 Qxc7 26.Rxc7 b5 27.Be2 Be6 28.Rd6 Rfd8 29.Rdc6 Nd5
30.Rb7 Bc8  0-1

[Event "FIDE World Blitz 2013"]
[Site "Khanty-Mansiysk RUS"]
[Date "2013.06.09"]
[Round "4.16"]
[White "Gordievsky,D"]
[Black "Jakovenko,D"]
[Result "1/2-1/2"]
[WhiteElo "2474"]
[BlackElo "2713"]

1.d4 Nf6 2.c4 e6 3.Nf3 d5 4.Nc3 c6 5.e3 Nbd7 6.Bd3 dxc4 7.Bxc4 b5 8.Bd3 Bd6
9.O-O O-O 10.b3 Bb7 11.Bb2 a6 12.a4 h6 13.Qe2 Re8 14.Rfd1 Qe7 15.Ne4 Nxe4
16.Bxe4 Nf6 17.Bd3 Nd5 18.h3 Red8 19.Rac1 Rac8 20.Nd2 Nb4 21.Bb1 bxa4 22.bxa4 c5
23.dxc5 Rxc5 24.Ne4 Rxc1 25.Rxc1 Bxe4 26.Bxe4 Qd7 27.a5 Qa4 28.Ra1 Qd7 29.Bd4 Bf8
30.Bb6 Rc8 31.Rd1 Qa4 32.g3 Qb3 33.Rb1 Qa4 34.Bf3 Rc2 35.Qd1 Qa2 36.Ra1 Qb2
37.Bd4 Qb3 38.Rb1 Qc4 39.Be4 Ra2 40.Rc1 Qb5 41.Bb6 Qe8 42.Qb3 Rd2 43.Rd1 Rxd1+
44.Qxd1 g6 45.Qd4 Nd5 46.Bxd5 exd5 47.Qxd5 Qc8 48.Kg2 Bg7 49.e4 Qc2 50.Bd4 Bxd4
51.Qxd4 Qe2 52.Qd5 h5 53.h4 Kg7 54.e5 Kg8 55.Qa8+ Kg7 56.Qb7 Kg8 57.Qd5 Kg7
58.Qd6 Kg8 59.Qf6 Qc4 60.Kh2 Qe2 61.Kg2 Qc4 62.Qd6 Qe4+ 63.Kh2 Qe2 64.Qd4 Kf8
65.Kg2 Kg8 66.Kh2 Qf1 67.Qe3 Kg7 68.Qd4 Kg8 69.Qf4 Qe2 70.Qe3 Qc4 71.Kg2 Kg7
72.Kh2 Kg8 73.Qf4 Qe2 74.Qf6 Qc4 75.Kg1 Qe2 76.Kg2 Qc4 77.Qf4 Qb5 78.Qd2 Qxe5
79.Qd8+ Kg7 80.Qb6 Qe4+  1/2-1/2

[Event "FIDE World Blitz 2013"]
[Site "Khanty-Mansiysk RUS"]
[Date "2013.06.09"]
[Round "8.29"]
[White "Skatchkov,P"]
[Black "Potapov,P"]
[Result "1-0"]
[WhiteElo "2486"]
[BlackElo "2460"]

1.Nf3 Nf6 2.c4 c6 3.d4 d5 4.Nc3 e6 5.e3 Nbd7 6.Bd3 dxc4 7.Bxc4 b5 8.Bd3 Bb7
9.e4 a6 10.O-O c5 11.d5 e5 12.Nh4 Nxe4 13.Nxe4 Qxh4 14.Bg5 Qxe4 15.Bxe4 f6
16.Be3 g6 17.Qc2 Bd6 18.a4 f5 19.Bxf5 gxf5 20.Qxf5 O-O-O 21.axb5 axb5 22.Qe6 Bc7
23.Bxc5 Rde8 24.Be7 Rhg8 25.Rfc1 Rg6 26.Rxc7+ Kxc7 27.Rc1+  1-0

[Event "FIDE World Blitz 2013"]
[Site "Khanty-Mansiysk RUS"]
[Date "2013.06.09"]
[Round "11.28"]
[White "Gordievsky,D"]
[Black "Potapov,P"]
[Result "1/2-1/2"]
[WhiteElo "2474"]
[BlackElo "2460"]

1.d4 d5 2.c4 c6 3.Nc3 Nf6 4.e3 e6 5.Nf3 Nbd7 6.Bd3 dxc4 7.Bxc4 b5 8.Bd3 Bb7
9.O-O a6 10.e4 c5 11.d5 e5 12.b3 g6 13.a4 b4 14.Ne2 Bg7 15.Nd2 O-O 16.Nc4 Nh5
17.Bb2 Qc7 18.Rc1 f5 19.Ng3 Nf4 20.Bb1 Rae8 21.f3 fxe4 22.fxe4 Rf7 23.Ne2 Ref8
24.Nxf4 Rxf4 25.Qe2 Qd8 26.Rxf4 Rxf4 27.Rf1 Rxf1+ 28.Qxf1 Qe7 29.Na5 Bc8
30.Bd3 Qd6 31.Nc4 Qe7 32.Be2 h5 33.g3 Bh6 34.Bc1 Bxc1 35.Qxc1 Kg7 36.Qe3 h4
37.Bg4 Nb6 38.Bxc8 Nxc8 39.gxh4 Qxh4 40.Qxc5 Qg4+ 41.Kf2 Qf4+ 42.Ke2 Qxh2+
43.Kd3 Qh3+ 44.Ne3 Qd7 45.Qxb4 Nd6 46.Qc3 Nf7 47.Qc6 Qa7 48.Qc3 Qb6 49.b4 Qd6
50.Qc5 Qf6 51.a5 Qf3 52.Qe7 Qf2 53.Qc5 Qb2 54.Qc3 Qb1+ 55.Nc2 Qf1+ 56.Kd2 Qf2+
57.Kc1 Qf4+ 58.Qe3 Qf1+ 59.Kb2 Nd6 60.Qc3 Qf4 61.Qc7+ Nf7 62.d6 Qxe4 63.d7 Qd5
64.Kc3 e4 65.b5 Qd3+ 66.Kb2 Qxb5+ 67.Kc1 Qf1+ 68.Kb2 Qb5+ 69.Kc1 Qf1+ 70.Kb2 Qb5+  1/2-1/2

[Event "2nd Server24 Open"]
[Site "Ortisei ITA"]
[Date "2013.06.09"]
[Round "9.5"]
[White "Hambleton,A"]
[Black "Cocchi,A"]
[Result "1-0"]
[WhiteElo "2461"]
[BlackElo "2304"]

1.d4 Nf6 2.c4 c6 3.Nc3 d5 4.e3 e6 5.Nf3 Nbd7 6.Qc2 Bd6 7.g4 dxc4 8.Bxc4 e5
9.g5 Nd5 10.Ne4 Bb4+ 11.Bd2 Bxd2+ 12.Qxd2 N7b6 13.Bb3 exd4 14.Qxd4 O-O 15.h4 Qe7
16.h5 f5 17.gxf6 gxf6 18.O-O-O Kh8 19.Rdg1 Bf5 20.Ng3 Be6 21.Nh4 c5 22.Ng6+ Kg7
23.Nf5+ Kf7 24.Qxd5 Bxd5 25.Ngxe7 c4 26.Nxd5 cxb3 27.Nxb6 bxa2 28.Rg7+ Ke6
29.Nd4+ Kd6 30.Rd7+ Kc5 31.Na4+ Kb4 32.Kd2  1-0

[Event "27th Pula Open 2013"]
[Site "Pula CRO"]
[Date "2013.06.09"]
[Round "2.9"]
[White "Jurman,R"]
[Black "Zufic,M"]
[Result "1/2-1/2"]
[WhiteElo "2132"]
[BlackElo "2441"]

1.c4 e6 2.Nc3 d5 3.d4 Nf6 4.Nf3 c6 5.e3 Nbd7 6.Be2 Bd6 7.O-O O-O 8.Nd2 e5
9.cxd5 cxd5 10.e4 exd4 11.Nxd5 Nxd5 12.exd5 Nb6 13.Nb3 Be5 14.Nxd4 Qxd5 15.Nf3 Bf6
16.Qxd5 Nxd5 17.Rd1 Nb6 18.a4 Be6 19.Nd4 Bc4 20.Bf3 Rad8 21.Be3 Bd5 22.Be2 Nc4
23.Bxc4 Bxc4 24.Rac1 Bd5 25.Rd2 a6 26.f3 Rd7 27.Kf2 Rfd8 28.Rcd1 g6 29.b3 Be7
30.Rc1 Ba3 31.Rcc2 Bb4 32.Rd3 f6 33.g4 Bf7 34.h3 Ba5 35.Ke2 h5 36.Rc1 hxg4
37.hxg4 Bb6 38.Rcd1 Bd5 39.Kf2 Kf7 40.Ne2 Bc7 41.Nc3 Be6 42.Rxd7+ Rxd7 43.Rxd7+ Bxd7
44.b4 Be5 45.Bd2 f5 46.gxf5 gxf5 47.f4 Bd4+ 48.Ke2 Ke6 49.Kd3 Bf6 50.Be3 b5
51.axb5 Bxb5+ 52.Kc2 Bc4 53.Na4 Be7 54.Kc3 Bb5 55.Nc5+ Kd5 56.Bf2 a5 57.Bg1 axb4+
58.Kxb4 Bf1 59.Bf2 Bd6 60.Be3 Be2 61.Bf2 Bxf4 62.Kc3 Bb5 63.Kc2 Bd6 64.Nd3 Ke4
65.Ne1 Bb4 66.Kd1 Ba5 67.Bh4 Ke3 68.Nc2+ Kd3 69.Ne1+ Ke4 70.Bf2 Kf4 71.Bc5 Kg3
72.Bd4 f4 73.Bc5 Bd7 74.Ke2 Bb5+ 75.Kd1 Kg4 76.Bf2 Bb4 77.Bd4 Kg3 78.Bg1 Ba5
79.Bd4 Bd7 80.Ke2 Bg4+ 81.Kf1 Bf5 82.Bf2+ Kg4 83.Ng2 Bd3+ 84.Kg1 f3 85.Nh4 Be2
86.Nxf3 Kxf3 87.Bc5  1/2-1/2

[Event "27th Pula Open 2013"]
[Site "Pula CRO"]
[Date "2013.06.09"]
[Round "2.11"]
[White "O'Driscoll,K"]
[Black "Balazs,G2"]
[Result "1/2-1/2"]
[WhiteElo "2128"]
[BlackElo "2415"]

1.d4 d5 2.c4 e6 3.Nc3 Nf6 4.Nf3 c6 5.e3 Nbd7 6.Qc2 Bd6 7.Bd2 O-O 8.h3 h6
9.g4 e5 10.cxd5 cxd5 11.Nb5 Bb8 12.Bb4 Re8 13.Rc1 e4 14.Nd2 Nb6 15.Nc7 Bxc7
16.Qxc7 Qxc7 17.Rxc7 Re6 18.Nb3 Ne8 19.Rc2 Bd7 20.Be2 Ba4 21.Kd2 Rf6 22.Rf1 Nc4+
23.Kc1 a5 24.Be7 Rc6 25.Rc3 Rc7 26.Bh4 Bb5 27.Re1 b6 28.Bg3 Rcc8 29.Nd2 Ncd6
30.Rxc8 Rxc8+ 31.Kb1 Bxe2 32.Rxe2 Kf8 33.Re1 Ke7 34.Rc1 Nc4 35.Nxc4 dxc4
36.a4 Ke6 37.Kc2 g6 38.Be5 f6 39.Bf4 g5 40.Bg3 Ng7 41.Rf1 Kd5 42.h4 Rc6 43.Rh1 Ne8
44.hxg5 fxg5 45.Be5 Nf6 46.Bxf6 Rxf6 47.Rh2 Kc6 48.Kc3 b5 49.Rg2 Kb6 50.Rh2 Rd6
51.Rh1 Rf6 52.Rh2 Kc6 53.Rg2 Kb6 54.Rh2  1/2-1/2

[Event "27th Pula Open 2013"]
[Site "Pula CRO"]
[Date "2013.06.09"]
[Round "2.20"]
[White "Shafarostov,A"]
[Black "Schnider,G"]
[Result "0-1"]
[WhiteElo "2086"]
[BlackElo "2360"]

1.d4 d5 2.c4 c6 3.Nc3 Nf6 4.Nf3 e6 5.e3 Nbd7 6.Bd3 dxc4 7.Bxc4 b5 8.Bd3 a6
9.O-O c5 10.a4 b4 11.Ne2 Bb7 12.Ng3 Be7 13.Qe2 cxd4 14.exd4 O-O 15.Bf4 Nd5
16.Be5 Nxe5 17.Qxe5 Bf6 18.Qe4 g6 19.Ne5 Qe7 20.f4 Bg7 21.Rac1 Nc3 22.Qe3 Nxa4
23.Rf2 Rac8 24.Rcf1 Nb6 25.f5 exf5 26.Nxf5 gxf5 27.Rxf5 f6 28.Qh3 fxe5 29.Rxf8+ Bxf8
30.Bxh7+ Qxh7 31.Qe6+ Kh8 32.Qf6+ Qg7 33.Qh4+ Kg8  0-1